[Event "Monte Grande Valerio Lorenzi 2nd"]
[Site "Monte Grande"]
[Date "2015.05.22"]
[Round "7.1"]
[White "Farias, Guillermo"]
[Black "Oviedo, Luis"]
[Result "1-0"]
[WhiteElo "1980"]
[BlackElo "1563"]
[PlyCount "82"]
[EventDate "2015.05.08"]
[EventType "swiss"]
[EventRounds "7"]
[EventCountry "ARG"]
[SourceTitle "EXT 2024"]
[Source "ChessBase"]
[SourceDate "2023.10.10"]
[SourceVersion "1"]
[SourceVersionDate "2023.10.10"]
[SourceQuality "1"]

1. e4 c5 2. Nf3 Nc6 3. d3 g6 4. g3 Bg7 5. Bg2 e6 6. 0-0 Rb8 7. Re1 b5 8. Nbd2 Nge7 9. h4 d6 10. Nf1 Nd4 11. h5 Nxf3+ 12. Bxf3 0-0 13. h6 Bh8 14. Nh2 Nc6 15. Bg2 e5 16. Rf1 Nd4 17. Be3 Ne6 18. Nf3 Bf6 19. Qd2 Be7 20. c3 a5 21. Nh2 Bg5 22. f4 Bxh6 23. Ng4 Bg7 24. f5 Nc7 25. Nh6+ Kh8 26. f6 Bxh6 27. Bxh6 Rg8 28. Qg5 Ne6 29. Qh4 Bd7 30. Bh3 Qe8 31. Bxe6 Bxe6 32. Kf2 g5 33. Bxg5 Rxg5 34. Qxg5 Qg8 35. Qh4 Bg4 36. Rh1 Qg6 37. Qh6 Rg8 38. Raf1 d5 39. Qxg6 Rxg6 40. exd5 Rxf6+ 41. Ke3 Rd6 1-0

[Event "Monte Grande Valerio Lorenzi 2nd"]
[Site "Monte Grande"]
[Date "2015.05.18"]
[Round "5.1"]
[White "Herrera, Pablo"]
[Black "Oviedo, Luis"]
[Result "1-0"]
[WhiteElo "2011"]
[BlackElo "1563"]
[PlyCount "87"]
[EventDate "2015.05.08"]
[EventType "swiss"]
[EventRounds "7"]
[EventCountry "ARG"]
[SourceTitle "EXT 2024"]
[Source "ChessBase"]
[SourceDate "2023.10.10"]
[SourceVersion "1"]
[SourceVersionDate "2023.10.10"]
[SourceQuality "1"]

1. Nf3 f5 2. e4 fxe4 3. Ng5 Nf6 4. d3 d6 5. dxe4 e6 6. e5 Ng8 7. Bd3 g6 8. Nxh7 Rxh7 9. Bxg6+ Rf7 10. Bxf7+ Kxf7 11. Qh5+ Kg7 12. h4 Ne7 13. Rh3 Nf5 14. g4 Nd4 15. Bh6+ Kg8 16. Qg6+ Kh8 17. Bg5 Qd7 18. c3 Nbc6 19. cxd4 Nxd4 20. Bf6+ Bg7 21. Bxg7+ Qxg7 22. Qxg7+ Kxg7 23. Rc3 Nb5 24. Rc1 c6 25. Nc3 Nd4 26. exd6 e5 27. Kd2 Nf3+ 28. Ke3 Nxh4 29. Ne4 Ng2+ 30. Kf3 Nf4 31. Nc5 Be6 32. Nxe6+ Nxe6 33. Rd1 Rd8 34. Ke4 Kf6 35. b4 Ng5+ 36. Ke3 Rd7 37. Rh1 Nf7 38. Rad1 Kg6 39. Rh5 Rxd6 40. Rxd6+ Nxd6 41. Rxe5 Nc4+ 42. Kf4 Nxe5 43. Kxe5 b6 44. f4 1-0

[Event "Monte Grande Valerio Lorenzi 2nd"]
[Site "Monte Grande"]
[Date "2015.05.13"]
[Round "3.1"]
[White "Barrientos Medina, Juan Carlos"]
[Black "Oviedo, Luis"]
[Result "0-1"]
[WhiteElo "2020"]
[BlackElo "1563"]
[PlyCount "76"]
[EventDate "2015.05.08"]
[EventType "swiss"]
[EventRounds "7"]
[EventCountry "ARG"]
[SourceTitle "EXT 2024"]
[Source "ChessBase"]
[SourceDate "2023.10.10"]
[SourceVersion "1"]
[SourceVersionDate "2023.10.10"]
[SourceQuality "1"]

1. e4 c5 2. Nc3 Nc6 3. f4 g6 4. Nf3 Bg7 5. Bc4 e6 6. 0-0 a6 7. a4 Nge7 8. f5 0-0 9. d3 d5 10. Ba2 dxe4 11. f6 Bxf6 12. Nxe4 Bg7 13. Bg5 f5 14. Nc3 b5 15. axb5 axb5 16. Qe1 Nd4 17. Bxe6+ Bxe6 18. Rxa8 Qxa8 19. Nxd4 Bxd4+ 20. Kh1 Bd5 21. Nxd5 Nxd5 22. Qe6+ Kg7 23. c4 bxc4 24. dxc4 Nf6 25. b4 Ne4 26. Bh4 Qa2 27. bxc5 Bxc5 28. Rd1 Qe2 29. Qe5+ Kh6 30. Re1 Nf2+ 31. Bxf2 Qxe5 32. Rxe5 Bxf2 33. Re2 Bc5 34. g3 Rd8 35. Kg2 Rd4 36. Rc2 Kg5 37. Rc3 Rd2+ 38. Kf3 Rf2# 0-1